| 000 | 00361nam a2200145Ia 4500 | ||
|---|---|---|---|
| 008 | 150201s2009 xx 000 0 und d | ||
| 082 |
_a611 _bH2009C |
||
| 100 | _aCHAURASIA,B.D | ||
| 245 | _aHUMAN ANATOMY FOR DENTAL STUDENTS | ||
| 250 | _a1ST | ||
| 260 |
_bJAYPEE MEDICAL PUBLISHER _aDELHI _c2009 |
||
| 300 | _a1-666 | ||
| 650 | _aANATOMY | ||
| 942 |
_2ddc _cBK _04 |
||
| 999 |
_c4391 _d4391 |
||